01696nam a2200337Ii 4500001001400000003000800014006001900022007001500041008004100056020001800097020001500115035002100130040002600151050001900177050001700196245014300213264008700356300004600443336002600489337002600515338003600541504004200577505049600619650002601115650004101141650002701182655002201209700002401231700003101255856007201286DIGUNINOR0048NyNyDIGm o d cr |||||||||||130701s2011 ck o 000 0 spa d z9789587411850 z9587411854 a(OCoLC)888283605 aDGITAbengepncDGITA14aHD2755.5 eBook14aHF1379 eBook00aNegocios internacionales :bestrategia para su internacionalización /cJair Lombana Coy, editor ; Silvia Rozas Gutiérrez ... [et al.]. 1aBarranquilla, Colombia :bEdiciones Uninorte;a[Bogota] :aEcoe Ediciones,c2011.  a1 online resource (xi, 229 pages) :bill. atextbtxt2rdacontent acomputerbc2rdamedia aonline resourcebcr2rdacarrier aIncludes bibliographical references. 0 a1. Comercio internacional e integración económica / Silvia Rozas Gutiérrez -- 2. Finanzas internacionales: balanza de pagos y tasa de cambio /César Corredor Velandia -- 3. La competitividad en el proceso de internacionalización /Jahir Lombana Coy -- 4. Marketing internacional: una mirada al comercio global / Harold Silva Guerra -- 5. La logística del comercio exterior / Andrés Castellanos Ramírez -- 6. Estrategias en los negocios internacionales / Jaime González Ortiz. 0aInternational trade.  0aInternational business enterprises.  0aInternational finance. 0aElectronic books.1 aLombana Coy, Jahir.1 aRozas Gutiérrez, Silvia.403Digitalia Hispánicauhttps://www.digitaliapublishing.com/a/13674/